Strategic human resource management and employment relations: An international perspective (Record no. 31633)

MARC details
000 -LEADER
fixed length control field 00533nam a2200169Ia 4500
008 - FIXED-LENGTH DATA ELEMENTS--GENERAL INFORMATION
fixed length control field 230917s9999||||xx |||||||||||||| ||und||
020 ## - ISBN
Price EUR79.99
040 ## - CATALOGING SOURCE
-- 256256
Original cataloging agency VIVEKANANDA LIBRARY
041 ## - Language
-- English
082 ## - DDC NUMBER
Classification number 658.3 M295S
100 ## - MAIN ENTRY--PERSONAL NAME
Personal name Malik, Ashish, ed.
245 #0 - TITLE STATEMENT
Title Strategic human resource management and employment relations: An international perspective
260 ## - PUBLICATION, DISTRIBUTION, ETC. (IMPRINT)
Place of publication, distribution, etc Singapore
Name of publisher, distributor, etc Springer Nature
Date of publication, distribution, etc 2018
300 ## - PHYSICAL DESCRIPTION
Pages xii, 271 p.
500 ## - GENERAL NOTE
General note 3503 15/07/2019 APD19/1098629 17/07/2019 IMSAR (Dev. & Research)
942 ## - ADDED ENTRY ELEMENTS (KOHA)
Koha item type Books
Holdings
Withdrawn status Lost status Damaged status Not for loan Location (home branch) Sublocation or collection (holding branch) Shelving location Date acquired Koha issues (times borrowed) Koha full call number Accession No. Koha date last seen Koha item type
        VIVEKANANDA LIBRARY VIVEKANANDA LIBRARY IMSAR Library 20/08/2019   658.3 M295S 388704 17/09/2023 Books
© Designed and Maintained by Vivekananda Library, MDU Rohtak